Hacia una educación infantil de calidad /
El artículo analiza las funciones que cumple la educación infantil dentro de la sociedad y da a conocer algunos criterios de calidad para valorar los programas dirigidos a la educación del niño y la niña menor de seis años.
Guardat en:
| Autor principal: | |
|---|---|
| Format: | Text |
| Matèries: | |
| Etiquetes: |
Afegir etiqueta
Sense etiquetes, Sigues el primer a etiquetar aquest registre!
|
MARC
| LEADER | 00000 a a2200000 04500 | ||
|---|---|---|---|
| 001 | 46618 | ||
| 003 | |||
| 040 | |||
| 100 | |a Chaves Salas, Ana Lupita | ||
| 245 | |a Hacia una educación infantil de calidad / |c Ana Lupita Chaves Salas | ||
| 520 | |a El artículo analiza las funciones que cumple la educación infantil dentro de la sociedad y da a conocer algunos criterios de calidad para valorar los programas dirigidos a la educación del niño y la niña menor de seis años. | ||
| 590 | |a RRH/NOVIEMBRE2014 | ||
| 650 | |a 1. EDUCACION | ||
| 650 | |a 2. POLITICAS GUBERNAMENTALES | ||
| 650 | |a 3. CALIDAD DE LA EDUCACION | ||
| 650 | |a 4. DERECHOS DEL NIÑO | ||
| 650 | |a 5. DESARROLLO HUMANO | ||
| 650 | |a 6. DESIGUALDAD SOCIAL | ||
| 650 | |a 7. COSTA RICA | ||
| 773 | |g volumen28, número1 ( , 2004), páginas 55-69 | ||
| 999 | |c 32637 |d 32637 | ||
